Maďarské přístupy k privatizaci.

História privatizácie v Maďarsku. Charakteristika špecifických rysov maďarského prístupu k privatizácii. Pôvodná privatizačná stratégia a činnosť štátneho majetkového úradu. Ďalšie kroky privatizačného programu. Silné i slabšie stránky maďarskej privatizácie. Družstevný sektor zostáva zatiaľ nedotkn...

Descrizione completa

Salvato in:
Dettagli Bibliografici
Autore principale: Urban, Luděk
Natura: Capitolo di libro
Lingua:ceco
Soggetti:
Tags: Aggiungi Tag
Nessun Tag, puoi essere il primo ad aggiungerne!!

MARC

LEADER 00000naa a2200000 4500
001 r010394
005 20220831085224.7
041 0 |a cze 
044 |a [CS] 
245 1 0 |a Maďarské přístupy k privatizaci.  |c Luděk Urban 
520 |a História privatizácie v Maďarsku. Charakteristika špecifických rysov maďarského prístupu k privatizácii. Pôvodná privatizačná stratégia a činnosť štátneho majetkového úradu. Ďalšie kroky privatizačného programu. Silné i slabšie stránky maďarskej privatizácie. Družstevný sektor zostáva zatiaľ nedotknutý. V poslednej dobe sa prejavuje snaha uprednostniť domácich účastníkov privatizácie. 
610 2 0 |a privatizácia 
610 2 0 |a MR 
610 2 0 |a stratégia hospodárska 
610 2 0 |a sektor družstevný 
610 2 0 |a kontrola 
610 2 0 |a štát 
100 1 |a Urban, Luděk